00609cas a22001937a 450000500170000000800410001701000100005801100100006803500100007824500870008826000830017530000070025831000140026536200180027965000460029786600210034386600190036486600320038320231010062646.0990903d1986 br fr pernn 0 aub1por d a78989 a79961 a9039600aCiencia Agronomica-Jaboticabalc/por Faculdade de Ciencias Agrarias e Veterinarias0 aJaboticabal, Sao Paulo :bFaculdade de Ciencias Agrarias e Veterinarias,c1986 av. aSemestral1 av.8 n.1, 199317aAgriculturaxPublicaciones periódicas2 av.1 n.1-2 (1986) av.2 n.1 (1987) av.3 n.1-v.8 n.1 (1988-1992)